[Event "Mitropa Cup Open 2019"]
[Site "Radenci"]
[Date "2019.06.02"]
[Round "7.5"]
[White "Gazik, Viktor"]
[Black "Stella, Andrea"]
[Result "1-0"]
[WhiteElo "2520"]
[BlackElo "2511"]
[Annotator "ChessBase"]
[PlyCount "95"]
[EventDate "2019.05.27"]
[EventType "team-tourn"]
[EventCountry "SLO"]
[SourceTitle "playchess.com"]
[Source "ChessBase"]
[SourceQuality "1"]
[WhiteTeam "Slovakia"]
[BlackTeam "Italy"]
[WhiteTeamCountry "SVK"]
[BlackTeamCountry "ITA"]
[TimeControl "40/5400+30:1800+30"]

1. d4 {[%emt 0:00:00]} e6 {[%emt 0:00:16]} 2. Nf3 {[%emt 0:00:00]} d5 {[%emt 0:00:41]} 3. g3 {[%emt 0:00:34]} Nf6 {[%emt 0:00:41]} 4. Bg2 {[%emt 0:00:08]} Be7 {[%emt 0:00:25]} 5. O-O {[%emt 0:07:49]} O-O {[%emt 0:00:21]} 6. c4 {[%emt 0:04:15]} dxc4 {[%emt 0:00:36]} 7. Qc2 {[%emt 0:03:14]} a6 {[%emt 0:00:37]} 8. a4 {[%emt 0:09:01]} Bd7 {[%emt 0:00:37]} 9. e4 {[%emt 0:17:06]} Nc6 {[%emt 0:06:59]} 10. Nc3 {[%emt 0:04:20]} Nb4 {[%emt 0:07:14]} 11. Qe2 {[%emt 0:00:12]} Nd3 {[%emt 0:00:27]} 12. Be3 {[%emt 0:08:43]} b5 {[%emt 0:04:47]} 13. Ne5 {[%emt 0:01:21]} c5 {[%emt 0:06:13]} 14. Nxd3 {[%emt 0:07:37]} cxd3 {[%emt 0:02:28]} 15. Qxd3 {[%emt 0:00:02]} Bc6 {[%emt 0:07:22]} 16. d5 {[%emt 0:06:14]} b4 {[%emt 0:01:00]} 17. Qc4 {[%emt 0:04:39]} Bb7 {[%emt 0:02:32]} 18. dxe6 {[%emt 0:01:03]} bxc3 {[%emt 0:00:31]} 19. exf7+ {[%emt 0:03:53]} Rxf7 {[%emt 0:08:23]} 20. bxc3 {[%emt 0:00:01]} a5 {[%emt 0:04:55]} 21. Rfd1 {[%emt 0:02:43]} Qc7 {[%emt 0:30:12]} 22. Bf4 {[%emt 0:00:51]} Qc8 {[%emt 0:03:05]} 23. Rab1 {[%emt 0:00:26]} Ba6 {[%emt 0:03:02]} 24. Qa2 {[%emt 0:00:01]} Nh5 {[%emt 0:01:29]} 25. Be3 {[%emt 0:00:01]} Bb7 {[%emt 0:05:07]} 26. Rxb7 {[%emt 0:08:12]} Qxb7 {[%emt 0:00:02]} 27. e5 {[%emt 0:00:09]} Qa6 {[%emt 0:01:32]} 28. Rd7 {[%emt 0:05:50]} Re8 {[%emt 0:01:09]} 29. Bd5 {[%emt 0:01:38]} Qg6 {[%emt 0:00:12]} 30. Ra7 {[%emt 0:04:10]} Kf8 {[%emt 0:01:21]} 31. Bxf7 {[%emt 0:00:03]} Qxf7 {[%emt 0:00:03]} 32. Qxf7+ {[%emt 0:00:08]} Kxf7 {[%emt 0:00:01]} 33. g4 {[%emt 0:00:09]} Ke6 {[%emt 0:00:16]} 34. gxh5 {[%emt 0:00:03]} Kxe5 {[%emt 0:00:12]} 35. Rxa5 {[%emt 0:02:11]} Kd5 {[%emt 0:00:01]} 36. Ra7 {[%emt 0:00:32]} Kc4 {[%emt 0:01:57]} 37. a5 {[%emt 0:00:20]} Kb5 {[%emt 0:01:09]} 38. Kg2 {[%emt 0:00:42]} h6 {[%emt 0:00:27]} 39. Kf3 {[%emt 0:00:29]} Bf6 {[%emt 0:00:29]} 40. Rc7 {[%emt 0:00:00]} Re5 {[%emt 0:00:00]} 41. c4+ {[%emt 0:02:58]} Kxc4 {[%emt 0:03:48]} 42. a6 {[%emt 0:00:30]} Re8 {[%emt 0:00:23]} 43. Rxc5+ {[%emt 0:00:50]} Kb4 {[%emt 0:00:02]} 44. a7 {[%emt 0:01:39]} Rf8 {[%emt 0:01:36]} 45. Kg4 {[%emt 0:01:10]} Ka4 {[%emt 0:00:19]} 46. Rc7 {[%emt 0:01:40]} Ka5 {[%emt 0:00:29]} 47. Rb7 {[%emt 0:00:10]} Be5 {[%emt 0:00:06]} 48. f4 {[%emt 0:00:07]} 1-0

[Event "Mitropa Cup Open 2019"]
[Site "Radenci"]
[Date "2019.06.02"]
[Round "7.6"]
[White "Sonis, Francesco"]
[Black "Druska, Juraj"]
[Result "1/2-1/2"]
[WhiteElo "2475"]
[BlackElo "2460"]
[Annotator "ChessBase"]
[PlyCount "45"]
[EventDate "2019.05.27"]
[EventType "team-tourn"]
[EventCountry "SLO"]
[SourceTitle "playchess.com"]
[Source "ChessBase"]
[SourceQuality "1"]
[WhiteTeam "Italy"]
[BlackTeam "Slovakia"]
[WhiteTeamCountry "ITA"]
[BlackTeamCountry "SVK"]
[TimeControl "40/5400+30:1800+30"]

1. c4 {[%emt 0:00:00]} e6 {[%emt 0:00:28]} 2. Nf3 {[%emt 0:00:00]} d5 {[%emt 0:00:19]} 3. g3 {[%emt 0:00:00]} dxc4 {[%emt 0:00:57]} 4. Qa4+ {[%emt 0:00:11]} Bd7 {[%emt 0:00:23]} 5. Qxc4 {[%emt 0:00:07]} c5 {[%emt 0:00:04]} 6. Ne5 {[%emt 0:00:29]} Nc6 {[%emt 0:00:06]} 7. Nxd7 {[%emt 0:00:22]} Qxd7 {[%emt 0:00:06]} 8. Bg2 {[%emt 0:00:07]} Nf6 {[%emt 0:00:37]} 9. Qa4 {[%emt 0:01:04]} Nd5 {[%emt 0:03:19]} 10. Nc3 {[%emt 0:00:30]} Be7 {[%emt 0:00:46]} 11. O-O {[%emt 0:09:17]} O-O {[%emt 0:00:05]} 12. d3 {[%emt 0:00:43]} Rfd8 {[%emt 0:06:48]} 13. Rd1 {[%emt 0:03:33]} Rab8 {[%emt 0:15:10]} 14. Qc2 {[%emt 0:24:48]} b5 {[%emt 0:05:25]} 15. Nxd5 {[%emt 0:07:53]} exd5 {[%emt 0:00:56]} 16. Be3 {[%emt 0:01:47]} Rbc8 {[%emt 0:10:39]} 17. a4 {[%emt 0:04:51]} b4 {[%emt 0:01:24]} 18. a5 {[%emt 0:00:38]} Bf6 {[%emt 0:06:07]} 19. Qb3 {[%emt 0:10:43]} Bd4 {[%emt 0:20:00]} 20. Bd2 {[%emt 0:06:43]} Bf6 {[%emt 0:03:22]} 21. Be3 {[%emt 0:00:14]} Bd4 {[%emt 0:00:08]} 22. Bd2 {[%emt 0:00:03]} Bf6 {[%emt 0:01:26]} 23. Be3 1/2-1/2

[Event "Mitropa Cup Open 2019"]
[Site "Radenci"]
[Date "2019.06.02"]
[Round "7.7"]
[White "Repka, Christopher"]
[Black "Lodici, Lorenzo"]
[Result "1/2-1/2"]
[WhiteElo "2482"]
[BlackElo "2453"]
[Annotator "ChessBase"]
[PlyCount "103"]
[EventDate "2019.05.27"]
[EventType "team-tourn"]
[EventCountry "SLO"]
[SourceTitle "playchess.com"]
[Source "ChessBase"]
[SourceQuality "1"]
[WhiteTeam "Slovakia"]
[BlackTeam "Italy"]
[WhiteTeamCountry "SVK"]
[BlackTeamCountry "ITA"]
[TimeControl "40/5400+30:1800+30"]

1. e4 {[%emt 0:02:55]} e5 {[%emt 0:00:16]} 2. Nf3 {[%emt 0:00:06]} Nc6 {[%emt 0:00:04]} 3. d4 {[%emt 0:00:04]} exd4 {[%emt 0:00:03]} 4. Nxd4 {[%emt 0:00:05]} Qf6 {[%emt 0:05:39]} 5. Be3 {[%emt 0:00:39]} Bc5 {[%emt 0:00:06]} 6. c3 {[%emt 0:00:44]} Qg6 {[%emt 0:00:06]} 7. Nd2 {[%emt 0:05:29]} Nf6 {[%emt 0:01:16]} 8. f3 {[%emt 0:03:44]} d5 {[%emt 0:00:05]} 9. Bb5 {[%emt 0:02:48]} Bxd4 {[%emt 0:02:12]} 10. Bxd4 {[%emt 0:02:29]} dxe4 {[%emt 0:00:05]} 11. Bxf6 {[%emt 0:03:37]} Qxf6 {[%emt 0:00:08]} 12. Nxe4 {[%emt 0:00:05]} Qg6 {[%emt 0:03:49]} 13. Qa4 {[%emt 0:01:32]} O-O {[%emt 0:05:55]} 14. Bxc6 {[%emt 0:13:48]} Qxg2 {[%emt 0:03:23]} 15. O-O-O {[%emt 0:01:33]} bxc6 {[%emt 0:00:07]} 16. Rhg1 {[%emt 0:06:17]} Qh3 {[%emt 0:01:16]} 17. Qxc6 {[%emt 0:03:55]} Bf5 {[%emt 0:03:46]} 18. Rg3 {[%emt 0:23:25]} Qh4 {[%emt 0:12:02]} 19. Qxc7 {[%emt 0:04:11]} Bxe4 {[%emt 0:01:09]} 20. fxe4 {[%emt 0:00:23]} Qxe4 {[%emt 0:00:09]} 21. Rgd3 {[%emt 0:01:43]} g6 {[%emt 0:11:00]} 22. b3 {[%emt 0:05:59]} Rae8 {[%emt 0:06:05]} 23. Kb2 {[%emt 0:01:01]} Qg2+ {[%emt 0:01:52]} 24. R1d2 {[%emt 0:00:09]} Re2 {[%emt 0:03:01]} 25. Qd6 {[%emt 0:00:17]} Rfe8 {[%emt 0:01:13]} 26. c4 {[%emt 0:01:05]} R8e6 {[%emt 0:02:08]} 27. Qd8+ {[%emt 0:02:13]} Kg7 {[%emt 0:00:01]} 28. Qd4+ {[%emt 0:00:06]} Kg8 {[%emt 0:00:58]} 29. Qd8+ {[%emt 0:00:33]} Kg7 {[%emt 0:00:01]} 30. Qd4+ {[%emt 0:00:06]} Kg8 {[%emt 0:01:31]} 31. h4 {[%emt 0:01:52]} R6e4 {[%emt 0:03:31]} 32. Qc3 {[%emt 0:00:24]} Rxd2+ {[%emt 0:02:42]} 33. Rxd2 {[%emt 0:00:06]} Re2 {[%emt 0:00:02]} 34. Rxe2 {[%emt 0:00:06]} Qxe2+ {[%emt 0:00:01]} 35. Ka3 {[%emt 0:00:10]} f5 {[%emt 0:02:42]} 36. Qd4 {[%emt 0:02:39]} Qe7+ {[%emt 0:01:36]} 37. Ka4 {[%emt 0:00:03]} Kf7 {[%emt 0:01:55]} 38. b4 {[%emt 0:01:01]} h6 {[%emt 0:03:58]} 39. c5 {[%emt 0:00:47]} g5 {[%emt 0:00:09]} 40. hxg5 {[%emt 0:00:00]} hxg5 {[%emt 0:00:00]} 41. Qd5+ {[%emt 0:11:39]} Kf6 {[%emt 0:03:25]} 42. c6 {[%emt 0:02:10]} g4 {[%emt 0:03:09]} 43. Qd4+ {[%emt 0:04:02]} Ke6 {[%emt 0:01:28]} 44. b5 {[%emt 0:01:00]} Qc7 {[%emt 0:00:56]} 45. Qe3+ {[%emt 0:01:11]} Kd5 {[%emt 0:02:30]} 46. Qd2+ {[%emt 0:00:53]} Ke6 {[%emt 0:00:54]} 47. Qh6+ {[%emt 0:01:29]} Kd5 {[%emt 0:00:31]} 48. Qd2+ {[%emt 0:07:06]} Ke6 {[%emt 0:00:21]} 49. Qg5 {[%emt 0:02:26]} Ke5 {[%emt 0:10:59]} 50. Qg8 {[%emt 0:04:01]} Kf4 {[%emt 0:01:45]} 51. Qc4+ {[%emt 0:01:02]} Ke5 {[%emt 0:00:11]} 52. Qe2+ {[%emt 0:02:13]} 1/2-1/2

[Event "Mitropa Cup Open 2019"]
[Site "Radenci"]
[Date "2019.06.02"]
[Round "7.8"]
[White "Di Benedetto, Edoardo"]
[Black "Pechac, Jergus"]
[Result "1/2-1/2"]
[WhiteElo "2404"]
[BlackElo "2461"]
[Annotator "RC"]
[PlyCount "142"]
[EventDate "2019.05.27"]
[EventType "team-tourn"]
[EventCountry "SLO"]
[SourceTitle "playchess.com"]
[Source "ChessBase"]
[SourceQuality "1"]
[WhiteTeam "Italy"]
[BlackTeam "Slovakia"]
[WhiteTeamCountry "ITA"]
[BlackTeamCountry "SVK"]
[TimeControl "40/5400+30:1800+30"]

1. d4 {[%emt 0:00:00]} d5 {[%emt 0:02:40]} 2. c4 {[%emt 0:00:00]} c6 {[%emt 0:00:05]} 3. Nc3 {[%emt 0:00:00]} Nf6 {[%emt 0:00:04]} 4. Nf3 {[%emt 0:00:00]} a6 {[%emt 0:00:04]} 5. cxd5 {[%emt 0:00:55]} cxd5 {[%emt 0:00:09]} 6. Bf4 {[%emt 0:00:26]} Nc6 {[%emt 0:00:17]} 7. e3 {[%emt 0:00:31]} Bg4 {[%emt 0:00:05]} 8. Be2 {[%emt 0:01:15]} e6 {[%emt 0:00:28]} 9. O-O {[%emt 0:00:52]} Bd6 {[%emt 0:01:04]} 10. Bxd6 {[%emt 0:01:32]} Qxd6 {[%emt 0:00:13]} 11. a3 {[%emt 0:01:49]} O-O {[%emt 0:00:10]} 12. Rc1 {[%emt 0:01:56]} Rfc8 {[%emt 0:02:55]} 13. Na4 {[%emt 0:00:27]} Nd7 {[%emt 0:02:11]} 14. Nc5 {[%emt 0:24:30]} Bxf3 {[%emt 0:06:08]} 15. Bxf3 {[%emt 0:00:19]} b6 {[%emt 0:01:10]} 16. Nxd7 {[%emt 0:07:15]} Qxd7 {[%emt 0:00:05]} 17. Qd3 {[%emt 0:08:23]} f5 {[%emt 0:07:21]} 18. b4 {[%emt 0:05:44]} Nd8 {[%emt 0:03:45]} 19. Rxc8 {[%emt 0:01:00]} Qxc8 {[%emt 0:00:06]} 20. Qd2 {[%emt 0:00:40]} Nb7 {[%emt 0:00:23]} 21. Rc1 {[%emt 0:04:51]} Qd7 {[%emt 0:00:19]} 22. Be2 {[%emt 0:02:47]} Nd6 {[%emt 0:00:32]} 23. g3 {[%emt 0:00:52]} h6 {[%emt 0:09:47]} 24. Bd3 {[%emt 0:06:46]} Kh7 {[%emt 0:04:39]} 25. Qe2 {[%emt 0:04:18]} Qa4 {[%emt 0:04:49]} 26. Rc3 {[%emt 0:01:15]} Ra7 {[%emt 0:11:02]} 27. f3 {[%emt 0:00:26]} Qd7 {[%emt 0:02:41]} 28. Qc2 {[%emt 0:08:33]} Kg8 {[%emt 0:04:16]} 29. Kg2 {[%emt 0:01:07]} Kf8 {[%emt 0:07:34]} 30. e4 {[%emt 0:01:56]} Kg8 {[%emt 0:09:11]} 31. e5 {[%emt 0:05:20]} Ne8 {[%emt 0:06:14]} 32. a4 {[%emt 0:04:05]} Kf7 {[%emt 0:03:44]} 33. b5 {[%emt 0:01:12]} a5 {[%emt 0:00:21]} 34. Rc6 {[%emt 0:01:13]} Rc7 {[%emt 0:00:05]} 35. g4 {[%emt 0:01:22]} g6 {[%emt 0:00:33]} 36. gxf5 {[%emt 0:01:22]} gxf5 {[%emt 0:00:08]} 37. Qd2 {[%emt 0:00:53]} Rxc6 {[%emt 0:02:06]} 38. bxc6 {[%emt 0:00:04]} Qxc6 {[%emt 0:00:11]} 39. Bb5 {[%emt 0:00:03]} Qc8 {[%emt 0:02:00]} 40. Qxh6 {[%emt 0:00:00]} Ng7 {[%emt 0:00:00]} 41. Qd2 {[%emt 0:03:10]} Qd8 {[%emt 0:02:46]} 42. Qh6 {[%emt 0:05:42]} Qc8 {[%emt 0:00:36]} 43. Qd2 {[%emt 0:03:18]} Kg6 {[%emt 0:04:39]} 44. h4 {[%emt 0:03:08]} Qd8 {[%emt 0:00:08]} 45. Kh3 {[%emt 0:00:42]} Nh5 {[%emt 0:00:51]} 46. Bd7 {[%emt 0:03:54]} Ng7 {[%emt 0:00:18]} 47. Bb5 {[%emt 0:01:26]} Nh5 {[%emt 0:00:32]} 48. Qc1 {[%emt 0:03:04]} Qe7 {[%emt 0:07:09]} 49. Qc8 {[%emt 0:02:52]} Nf4+ {[%emt 0:01:05]} 50. Kg3 {[%emt 0:00:05]} Nh5+ {[%emt 0:00:05]} 51. Kg2 {[%emt 0:00:11]} Nf4+ {[%emt 0:01:31]} 52. Kf1 {[%emt 0:00:16]} Kg7 {[%emt 0:00:50]} 53. Qd7 {[%emt 0:03:25]} Qxd7 {[%emt 0:02:30]} 54. Bxd7 {[%emt 0:00:04]} Kh6 {[%emt 0:00:26]} 55. Be8 {[%emt 0:01:11]} b5 {[%emt 0:00:21]} 56. Bxb5 {[%emt 0:01:16]} Kh5 {[%emt 0:00:14]} 57. Kf2 {[%emt 0:00:53]} Kxh4 {[%emt 0:00:07]} 58. Bd7 {[%emt 0:01:54]} Kh3 {[%emt 0:02:46]} 59. Bc8 {[%emt 0:01:31]} Kh2 {[%emt 0:00:09]} 60. Bd7 {[%emt 0:00:26]} Nh3+ {[%emt 0:06:12]} 61. Ke1 {[%emt 0:00:13]} Nf4 {[%emt 0:04:58]} 62. Kf2 {[%emt 0:00:10]} Kh3 {[%emt 0:01:16]} 63. Bc8 {[%emt 0:00:08]} Kh4 {[%emt 0:00:10]} 64. Bd7 {[%emt 0:00:06]} Nh3+ {[%emt 0:00:05]} 65. Kg2 {[%emt 0:01:18]} Nf4+ {[%emt 0:00:19]} 66. Kf2 {[%emt 0:00:05]} Kh5 {[%emt 0:02:35]} 67. Ke3 {[%emt 0:00:25]} Kg5 {[%emt 0:00:18]} 68. Bc8 {[%emt 0:00:07]} Ng2+ {[%emt 0:00:04]} 69. Kf2 {[%emt 0:00:04]} Nf4 {[%emt 0:00:05]} 70. Ke3 {[%emt 0:00:06]} Ng2+ {[%emt 0:00:05]} 71. Kf2 {[%emt 0:00:04]} Nf4 {[%emt 0:00:05]} 1/2-1/2

[Event "Mitropa Cup Open 2019"]
[Site "Radenci"]
[Date "2019.06.02"]
[Round "7.9"]
[White "Jovanic, Ognjen"]
[Black "Nguyen, Thai Dai Van"]
[Result "1/2-1/2"]
[WhiteElo "2511"]
[BlackElo "2548"]
[Annotator "ChessBase"]
[PlyCount "72"]
[EventDate "2019.05.27"]
[EventType "team-tourn"]
[EventCountry "SLO"]
[SourceTitle "playchess.com"]
[Source "ChessBase"]
[SourceQuality "1"]
[WhiteTeam "Croatia"]
[BlackTeam "Czech Republic"]
[WhiteTeamCountry "CRO"]
[BlackTeamCountry "CZE"]
[TimeControl "40/5400+30:1800+30"]

1. d4 {[%emt 0:00:23]} Nf6 {[%emt 0:00:00]} 2. Nf3 {[%emt 0:00:16]} d5 {[%emt 0:00:00]} 3. c4 {[%emt 0:01:59]} e6 {[%emt 0:00:00]} 4. Nc3 {[%emt 0:00:44]} Bb4 {[%emt 0:00:07]} 5. Bg5 {[%emt 0:02:00]} h6 {[%emt 0:00:08]} 6. Bxf6 {[%emt 0:01:16]} Qxf6 {[%emt 0:00:06]} 7. e3 {[%emt 0:05:38]} O-O {[%emt 0:00:08]} 8. Rc1 {[%emt 0:00:12]} dxc4 {[%emt 0:00:56]} 9. Bxc4 {[%emt 0:01:26]} c5 {[%emt 0:00:04]} 10. dxc5 {[%emt 0:10:24]} Nd7 {[%emt 0:03:00]} 11. Qb3 {[%emt 0:11:32]} a5 {[%emt 0:24:57]} 12. a3 {[%emt 0:00:22]} Nxc5 {[%emt 0:00:35]} 13. Qc2 {[%emt 0:00:09]} Bxc3+ {[%emt 0:00:06]} 14. Qxc3 {[%emt 0:00:07]} Qxc3+ {[%emt 0:14:57]} 15. Rxc3 {[%emt 0:00:09]} b6 {[%emt 0:01:00]} 16. Ke2 {[%emt 0:10:08]} Bb7 {[%emt 0:01:51]} 17. Rd1 {[%emt 0:00:39]} Rfd8 {[%emt 0:02:06]} 18. Rxd8+ {[%emt 0:05:36]} Rxd8 {[%emt 0:00:23]} 19. Ne1 {[%emt 0:02:23]} Ne4 {[%emt 0:05:22]} 20. Rc2 {[%emt 0:03:44]} Rc8 {[%emt 0:05:30]} 21. Bd3 {[%emt 0:03:30]} Rxc2+ {[%emt 0:00:38]} 22. Bxc2 {[%emt 0:00:08]} Nd6 {[%emt 0:00:32]} 23. Bd3 {[%emt 0:05:06]} e5 {[%emt 0:02:14]} 24. Kd2 {[%emt 0:03:05]} Kf8 {[%emt 0:02:27]} 25. f3 {[%emt 0:03:25]} e4 {[%emt 0:08:33]} 26. Be2 {[%emt 0:00:44]} exf3 {[%emt 0:00:06]} 27. gxf3 {[%emt 0:00:04]} Ke7 {[%emt 0:00:17]} 28. e4 {[%emt 0:06:35]} g5 {[%emt 0:02:02]} 29. Ke3 {[%emt 0:01:19]} f5 {[%emt 0:01:12]} 30. exf5 {[%emt 0:01:05]} Nxf5+ {[%emt 0:00:05]} 31. Kf2 {[%emt 0:03:42]} Kd6 {[%emt 0:06:12]} 32. Nc2 {[%emt 0:03:02]} Kc5 {[%emt 0:10:29]} 33. b4+ {[%emt 0:00:18]} axb4 {[%emt 0:01:30]} 34. axb4+ {[%emt 0:00:01]} Kd6 {[%emt 0:00:08]} 35. Ne3 {[%emt 0:00:51]} Nxe3 {[%emt 0:02:15]} 36. Kxe3 {[%emt 0:00:02]} Ke5 {[%emt 0:00:40] Ke4+} 1/2-1/2

[Event "Mitropa Cup Open 2019"]
[Site "Radenci"]
[Date "2019.06.02"]
[Round "7.10"]
[White "Kraus, Tomas"]
[Black "Kovacevic, Blazimir"]
[Result "1-0"]
[WhiteElo "2463"]
[BlackElo "2456"]
[Annotator "ChessBase"]
[PlyCount "67"]
[EventDate "2019.05.27"]
[EventType "team-tourn"]
[EventCountry "SLO"]
[SourceTitle "playchess.com"]
[Source "ChessBase"]
[SourceQuality "1"]
[WhiteTeam "Czech Republic"]
[BlackTeam "Croatia"]
[WhiteTeamCountry "CZE"]
[BlackTeamCountry "CRO"]
[TimeControl "40/5400+30:1800+30"]

1. d4 {[%emt 0:00:00]} e6 {[%emt 0:00:03]} 2. Bf4 {[%emt 0:00:25]} b6 {[%emt 0:02:01]} 3. Nf3 {[%emt 0:01:24]} Bb7 {[%emt 0:00:15]} 4. e3 {[%emt 0:00:36]} Nf6 {[%emt 0:02:20]} 5. c4 {[%emt 0:01:22]} c5 {[%emt 0:16:14]} 6. d5 {[%emt 0:00:16]} exd5 {[%emt 0:01:58]} 7. Nc3 {[%emt 0:00:57]} d6 {[%emt 0:16:38]} 8. cxd5 {[%emt 0:00:50]} a6 {[%emt 0:00:17]} 9. a4 {[%emt 0:00:55]} Be7 {[%emt 0:08:47]} 10. h3 {[%emt 0:00:09]} O-O {[%emt 0:00:12]} 11. e4 {[%emt 0:01:19]} Nbd7 {[%emt 0:00:41]} 12. Be2 {[%emt 0:12:16]} Ne8 {[%emt 0:03:32]} 13. O-O {[%emt 0:01:47]} Bf6 {[%emt 0:02:35]} 14. Nd2 {[%emt 0:06:41]} Rb8 {[%emt 0:05:58]} 15. Bh2 {[%emt 0:03:05]} g5 {[%emt 0:13:37]} 16. Nc4 {[%emt 0:08:17]} Ne5 {[%emt 0:00:43]} 17. Ne3 {[%emt 0:03:44]} Bc8 {[%emt 0:01:23]} 18. Bg4 {[%emt 0:07:43]} Ng7 {[%emt 0:02:11]} 19. Bxc8 {[%emt 0:06:19]} Rxc8 {[%emt 0:01:18]} 20. Ne2 {[%emt 0:03:11]} Ng6 {[%emt 0:04:16]} 21. Ng3 {[%emt 0:06:26]} Nh4 {[%emt 0:01:47]} 22. Qe2 {[%emt 0:02:52]} b5 {[%emt 0:04:48]} 23. axb5 {[%emt 0:01:25]} axb5 {[%emt 0:00:04]} 24. Ra6 {[%emt 0:06:07]} c4 {[%emt 0:00:19]} 25. Ng4 {[%emt 0:04:40]} Be5 {[%emt 0:03:08]} 26. Nh6+ {[%emt 0:05:26]} Kh8 {[%emt 0:00:04]} 27. Nh5 {[%emt 0:00:34]} Bxh2+ {[%emt 0:03:26]} 28. Kxh2 {[%emt 0:01:20]} Nxh5 {[%emt 0:00:52]} 29. Qxh5 {[%emt 0:00:32]} Qf6 {[%emt 0:00:10]} 30. f4 {[%emt 0:01:19]} Rce8 {[%emt 0:04:18]} 31. e5 {[%emt 0:06:43]} Rxe5 {[%emt 0:00:43]} 32. Ng4 {[%emt 0:02:41]} Qf5 {[%emt 0:00:40]} 33. Nxe5 {[%emt 0:00:48]} dxe5 {[%emt 0:00:15]} 34. Qxg5 {[%emt 0:00:35]} 1-0

[Event "Mitropa Cup Open 2019"]
[Site "Radenci"]
[Date "2019.06.02"]
[Round "7.11"]
[White "Tica, Sven"]
[Black "Zilka, Stepan"]
[Result "0-1"]
[WhiteElo "2417"]
[BlackElo "2527"]
[Annotator "ChessBase"]
[PlyCount "76"]
[EventDate "2019.05.27"]
[EventType "team-tourn"]
[EventCountry "SLO"]
[SourceTitle "playchess.com"]
[Source "ChessBase"]
[SourceQuality "1"]
[WhiteTeam "Croatia"]
[BlackTeam "Czech Republic"]
[WhiteTeamCountry "CRO"]
[BlackTeamCountry "CZE"]
[TimeControl "40/5400+30:1800+30"]

1. d4 {[%emt 0:00:00]} d5 {[%emt 0:00:00]} 2. Nf3 {[%emt 0:00:00]} Nf6 {[%emt 0:00:00]} 3. c4 {[%emt 0:00:00]} c6 {[%emt 0:00:00]} 4. e3 {[%emt 0:00:59]} e6 {[%emt 0:01:09]} 5. b3 {[%emt 0:01:27]} Nbd7 {[%emt 0:00:29]} 6. Bd3 {[%emt 0:00:24]} Bd6 {[%emt 0:00:08]} 7. O-O {[%emt 0:00:36]} e5 {[%emt 0:02:59]} 8. dxe5 {[%emt 0:03:28]} Nxe5 {[%emt 0:00:13]} 9. Bb2 {[%emt 0:03:01]} Nxf3+ {[%emt 0:05:40]} 10. Qxf3 {[%emt 0:04:00]} Bg4 {[%emt 0:06:26]} 11. Bxf6 {[%emt 0:01:51]} Qd7 {[%emt 0:02:40]} 12. Qxg4 {[%emt 0:08:31]} Qxg4 {[%emt 0:00:09]} 13. Bb2 {[%emt 0:00:02]} dxc4 {[%emt 0:02:40]} 14. Bxc4 {[%emt 0:00:06]} b5 {[%emt 0:07:37]} 15. Bd3 {[%emt 0:02:17]} Rd8 {[%emt 0:00:08]} 16. h3 {[%emt 0:05:23]} Qe6 {[%emt 0:00:18]} 17. Rd1 {[%emt 0:05:48]} Be5 {[%emt 0:02:27]} 18. Nc3 {[%emt 0:06:41]} O-O {[%emt 0:00:08]} 19. Rac1 {[%emt 0:01:44]} Rd7 {[%emt 0:02:15]} 20. Kf1 {[%emt 0:02:12]} Rfd8 {[%emt 0:01:47]} 21. Ke2 {[%emt 0:00:08]} h5 {[%emt 0:02:28]} 22. Ba3 {[%emt 0:01:34]} a5 {[%emt 0:04:47]} 23. Bc5 {[%emt 0:01:44]} Rxd3 {[%emt 0:06:12]} 24. Rxd3 {[%emt 0:00:41]} Rxd3 {[%emt 0:00:05]} 25. Kxd3 {[%emt 0:00:07]} Qg6+ {[%emt 0:00:29]} 26. Ne4 {[%emt 0:00:28]} f5 {[%emt 0:00:34]} 27. Nd2 {[%emt 0:02:45]} Qxg2 {[%emt 0:00:33]} 28. f4 {[%emt 0:00:19]} Bf6 {[%emt 0:00:54]} 29. Bb6 {[%emt 0:01:02]} a4 {[%emt 0:02:15]} 30. bxa4 {[%emt 0:00:30]} bxa4 {[%emt 0:00:10]} 31. Rc5 {[%emt 0:00:12]} h4 {[%emt 0:03:01]} 32. Rxf5 {[%emt 0:06:04]} Qxh3 {[%emt 0:00:04]} 33. Ra5 {[%emt 0:00:55]} Qg2 {[%emt 0:04:32]} 34. f5 {[%emt 0:00:30]} h3 {[%emt 0:00:54]} 35. Bc7 {[%emt 0:00:16]} h2 {[%emt 0:02:24]} 36. Bxh2 {[%emt 0:00:07]} Qxh2 {[%emt 0:00:03]} 37. Rxa4 {[%emt 0:00:09]} Qd6+ {[%emt 0:00:13]} 38. Ke2 {[%emt 0:00:18]} Qd5 {[%emt 0:00:39]} 0-1